000
00373nam a2200145Ia 4500
008
231129s9999||||xx |||||||||||||| ||spa||
020
_a
84-7530-341-2
040
_b
spa
082
_a
920.71 R749g
100
_a
Rolland Romain
245
0
_a
Goethe y Beethoven ; Miguel Angel
260
_c
198
264
_a
Orbis
942
_2
ddc
_c
BKS
999
_c
14550
_d
14550